000 00303nam a2200133Ia 4500
008 150201s2009 xx 000 0 und d
082 _a612.015
_bB09S
100 _aSINGG,SP
245 _aTB OF BIOCHEMISTRY
250 _a4TH
260 _bCBS
_aDELHI
_c2009
650 _aBIOCHEMISTRY
942 _2ddc
_cBK
_06
999 _c916
_d916